| 000 | 02082cam a2200373 i 4500 | ||
|---|---|---|---|
| 001 | 19871004 | ||
| 003 | ARRUPE | ||
| 005 | 20240207092546.0 | ||
| 008 | 170809s2017 enk e 000 f eng | ||
| 010 | _a 2017431231 | ||
| 020 | _a9781509836154 | ||
| 020 | _a1509836152 | ||
| 020 |
_a9781509836161 _q(paperback) |
||
| 020 |
_a1509836160 _q(paperback) |
||
| 040 |
_aDLC _beng _cDLC _erda |
||
| 042 | _apcc | ||
| 050 | 0 | 0 |
_aPR6108.A9686 _bC48 2017 |
| 100 | 1 |
_aHaynes, Natalie, _eauthor. _952380 |
|
| 245 | 1 | 4 |
_aThe children of Jocasta / _cNatalie Haynes. |
| 260 |
_aLondon _bPicador _c2017 |
||
| 300 |
_a335 pages ; _c24 cm |
||
| 520 | _aWhen you have grown up as I have, there is no security in not knowing things, in avoiding the ugliest truths because they can't be faced ...Because that is what happened the last time, and that is why my siblings and I have grown up in a cursed house, children of cursed parents ...Jocasta is just fifteen when she is told that she must marry the King of Thebes, an old man she has never met. Her life has never been her own, and nor will it be, unless she outlives her strange, absent husband. Ismene is the same age when she is attacked in the palace she calls home. Since the day of her parents' tragic deaths a decade earlier, she has always longed to feel safe with the family she still has. But with a single act of violence, all that is about to change. With the turn of these two events, a tragedy is set in motion. But not as you know it. | ||
| 600 | 0 | 0 |
_aAntigone _c(Mythological character) _vFiction. _952381 |
| 650 | 0 |
_aJocasta (Greek mythology) _vFiction. _952382 |
|
| 650 | 0 |
_aTeenage girls _vFiction. _937265 |
|
| 650 | 0 |
_aArranged marriage _vFiction. _952383 |
|
| 650 | 0 |
_aFamilies _vFiction. _918922 |
|
| 650 | 0 |
_aBrothers and sisters _vFiction. _937268 |
|
| 650 | 0 |
_aKings and rulers _vFiction. _952384 |
|
| 650 | 0 |
_aIsmene (Greek mythology) _vFiction. _952385 |
|
| 906 |
_a7 _bcbc _corigres _d3 _encip _f20 _gy-gencatlg |
||
| 942 |
_2lcc _cMONOGRAPH |
||
| 999 |
_c131772 _d131772 |
||